European Countries That Don't Border The Biggest - Statistics

General Stats
  • This quiz has been taken 216 times
  • The average score is 12 of 14
Answer Stats
Countries % Correct
Albania
92%
Bosnia and Herzegovina
91%
Croatia
90%
Malta
90%
Greece
89%
Ireland
89%
Iceland
88%
Kosovo
88%
Montenegro
88%
North Macedonia
86%
Serbia
86%
Bulgaria
81%
United Kingdom
81%
Liechtenstein
77%
No matching quizzes found
Score Distribution
Percent of People with Each Score
Percentile by Number Answered
Your Score History
You have not taken this quiz